000 00494nam a2200181Ia 4500
008 240925s9999 xx 000 0 und d
020 _a9780070660496
082 _a621.3815 SAL
100 _aSalivahanan , S ; Kumar ,N. Surresh
245 0 _aElectronic Devices and Circuits
250 _a2nd
260 _aNew Delhi:
_bTata McGraw Hill
_c,2007.
300 _axx,919p.
_bNA
_fOriginal
500 _aIncludes Index
600 _aElectronic Engineering
650 _aTechnology
942 _cBK
999 _c9782
_d9782